| Tag |
First Indicator |
Second Indicator |
Subfields |
| LEADER |
00000cam a2200000 a 4500 |
| 001 |
in00004472607 |
| 005 |
20191202143017.0 |
| 008 |
770705s1971 ksua b 00010 eng d |
| 035 |
|
|
|a (OCoLC)03093381
|
| 035 |
|
|
|z (UtOrBLW)10966
|
| 035 |
|
|
|a 20416
|
| 040 |
|
|
|a AAA
|c AAA
|d TMV
|d UtOrBLW
|
| 049 |
|
|
|a TMVM
|c 1
|c 2
|
| 060 |
|
4 |
|a SF 771
|b M848p 1971
|
| 100 |
1 |
|
|a Morgan, H. C.
|q (Horace C.)
|
| 245 |
1 |
0 |
|a Practitioner's laboratory manual /
|c by H.C. Morgan.
|
| 264 |
|
1 |
|a [Bonner Springs, Ka] :
|b [Veterinary Medicine Publishing Co.],
|c [1971]
|
| 300 |
|
|
|a 145 pages :
|b illustrations ;
|c 30 cm.
|
| 336 |
|
|
|a text
|2 rdacontent
|b txt
|
| 337 |
|
|
|a unmediated
|2 rdamedia
|
| 338 |
|
|
|a volume
|2 rdacarrier
|b nc
|
| 500 |
|
|
|a Cover title.
|
| 500 |
|
|
|a "Reprinted from VM/SAC" (Veterinary Medicine/Small Animal Clinician, Jan. 1966-July 1971).
|
| 504 |
|
|
|a Includes bibliographical references.
|
| 650 |
|
2 |
|a Laboratory Techniques and Procedures
|x veterinary.
|
| 999 |
|
|
|a MARS
|
| 999 |
f |
f |
|s 6572f140-d4cb-3f5a-9889-a88e42dcab9b
|i a429bb5c-b126-3d23-a440-bdfec89d0681
|t 0
|
| 952 |
f |
f |
|p preservation
|a Texas A&M University
|b J.J. Pickle Campus
|c High Density Repository
|d Remote Storage
|t 0
|e SF 771 M848p 1971
|h National Library of Medicine classification
|i unmediated -- volume
|m 3238902305080
|
| 998 |
f |
f |
|a SF 771 M848p 1971
|t 0
|l Remote Storage
|